Personnages de Dumbo - Statistiques

Statistiques générales
  • Ce quiz a été pris 26 fois
    7 depuis la dernière actualisation
  • Le résultat moyen est 2 sur 11
Statistiques - réponses
Personnages % Correct
Dumbo
83%
Timothée
33%
Les Corbeaux
17%
Madame Jumbo
17%
Monsieur Cigogne
17%
Monsieur Loyal
17%
Casey Junior
0%
La Matriarche
0%
Les Clowns
0%
Les Eléphantes
0%
Skinny
0%
Aucun quiz correspondant
Distribution des résultats
% des personnes avec chaque résultat
Percentile par nombre de réponses
Votre historique - résultats
Vous n’avez pas pris ce quiz depuis la dernière actualisation